Diseases of children in the subtropics and tropics / (Record no. 320)

MARC details
000 -LEADER
fixed length control field 00655nam a2200217 4500
003 - CONTROL NUMBER IDENTIFIER
control field OSt
005 - DATE AND TIME OF LATEST TRANSACTION
control field 20140806142923.0
008 - FIXED-LENGTH DATA ELEMENTS--GENERAL INFORMATION
fixed length control field 140806b xxu||||| |||| 00| 0 eng d
020 ## - INTERNATIONAL STANDARD BOOK NUMBER
International Standard Book Number 0713143096
040 ## - CATALOGING SOURCE
Transcribing agency 040a
082 ## - DEWEY DECIMAL CLASSIFICATION NUMBER
Classification number WS 200 J394d 1978
245 ## - TITLE STATEMENT
Title Diseases of children in the subtropics and tropics /
Statement of responsibility, etc. D. B. Jelliffe, J. P. Stanfield
250 ## - EDITION STATEMENT
Edition statement 3rd.ed.
260 ## - PUBLICATION, DISTRIBUTION, ETC. (IMPRINT)
Place of publication, distribution, etc. London
Name of publisher, distributor, etc. Edward Arnold
Date of publication, distribution, etc. 1978
300 ## - PHYSICAL DESCRIPTION
Extent xviii, 1047p ;
Other physical details ill :
Dimensions 24cm .
504 ## - BIBLIOGRAPHY, ETC. NOTE
Bibliography, etc includes bibliographic references and index
650 ## - SUBJECT ADDED ENTRY--TOPICAL TERM
Topical term or geographic name as entry element children diseases
9 (RLIN) 837
700 ## - ADDED ENTRY--PERSONAL NAME
Relator code Editors
Personal name Jelliffe, D. B
9 (RLIN) 843
700 ## - ADDED ENTRY--PERSONAL NAME
Personal name Stanfield, J. P
9 (RLIN) 844
942 ## - ADDED ENTRY ELEMENTS (KOHA)
Source of classification or shelving scheme Other/Generic Classification Scheme
Koha item type Book Bank
Holdings
Withdrawn status Lost status Source of classification or shelving scheme Damaged status Not for loan Home library Current library Date acquired Source of acquisition Inventory number Total Checkouts Full call number Barcode Date last seen Price effective from Koha item type
    Other/Generic Classification Scheme     MUST Main Library MUST Main Library 06/08/2014   132   WS 200 J394d 1978 2014-1785 06/08/2014 06/08/2014 Book Bank
    Other/Generic Classification Scheme     MUST Main Library MUST Main Library 06/08/2014   135   WS 200 J394d 1978 2014-1786 06/08/2014 06/08/2014 Book Bank
    Other/Generic Classification Scheme     MUST Main Library MUST Main Library 06/08/2014   146   WS 200 J394d 1978 2014-1787 06/08/2014 06/08/2014 Book Bank
    Other/Generic Classification Scheme     MUST Main Library MUST Main Library 06/08/2014   124   WS 200 J394d 1978 2014-1790 06/08/2014 06/08/2014 Book Bank
    Other/Generic Classification Scheme     MUST Main Library MUST Main Library 06/08/2014   115   WS 200 J394d 1978 2014-1791 06/08/2014 06/08/2014 Book Bank
    Other/Generic Classification Scheme     MUST Main Library MUST Main Library 06/08/2014   108   WS 200 J394d 1978 2014-1792 06/08/2014 06/08/2014 Book Bank
    Other/Generic Classification Scheme     MUST Main Library MUST Main Library 06/08/2014   110   WS 200 J394d 1978 2014-1793 06/08/2014 06/08/2014 Book Bank
    Other/Generic Classification Scheme     MUST Main Library MUST Main Library 06/08/2014   149   WS 200 J394d 1978 2014-1794 06/08/2014 06/08/2014 Book Bank
    Other/Generic Classification Scheme     MUST Main Library MUST Main Library 06/08/2014   145   WS 200 J394d 1978 2014-1795 06/08/2014 06/08/2014 Book Bank
    Other/Generic Classification Scheme     MUST Main Library MUST Main Library 06/08/2014   114   WS 200 J394d 1978 2014-1796 06/08/2014 06/08/2014 Book Bank
    Other/Generic Classification Scheme     MUST Main Library MUST Main Library 06/08/2014   109   WS 200 J394d 1978 2014-1797 06/08/2014 06/08/2014 Book Bank
    Other/Generic Classification Scheme     MUST Main Library MUST Main Library 06/08/2014   123   WS 200 J394d 1978 2014-1798 06/08/2014 06/08/2014 Book Bank
    Other/Generic Classification Scheme     MUST Main Library MUST Main Library 06/08/2014   105   WS 200 J394d 1978 2014-1799 06/08/2014 06/08/2014 Book Bank
    Other/Generic Classification Scheme     MUST Main Library MUST Main Library 06/08/2014   113   WS 200 J394d 1978 2014-1800 06/08/2014 06/08/2014 Book Bank
    Other/Generic Classification Scheme     MUST Main Library MUST Main Library 06/08/2014   142   WS 200 J394d 1978 2014-1801 06/08/2014 06/08/2014 Book Bank
    Other/Generic Classification Scheme     MUST Main Library MUST Main Library 06/08/2014   126   WS 200 J394d 1978 2014-1802 06/08/2014 06/08/2014 Book Bank
    Other/Generic Classification Scheme     MUST Main Library MUST Main Library 06/08/2014   106   WS 200 J394d 1978 2014-1803 06/08/2014 06/08/2014 Book Bank
    Other/Generic Classification Scheme     MUST Main Library MUST Main Library 06/08/2014   121   WS 200 J394d 1978 2014-1806 06/08/2014 06/08/2014 Book Bank
    Other/Generic Classification Scheme     MUST Main Library MUST Main Library 06/08/2014   117   WS 200 J394d 1978 2014-1807 06/08/2014 06/08/2014 Book Bank
    Other/Generic Classification Scheme     MUST Main Library MUST Main Library 06/08/2014   144   WS 200 J394d 1978 2014-1808 06/08/2014 06/08/2014 Book Bank
    Other/Generic Classification Scheme     MUST Main Library MUST Main Library 06/08/2014   104   WS 200 J394d 1978 2014-1809 06/08/2014 06/08/2014 Book Bank
    Other/Generic Classification Scheme     MUST Main Library MUST Main Library 06/08/2014   128   WS 200 J394d 1978 2014-1810 06/08/2014 06/08/2014 Book Bank
    Other/Generic Classification Scheme     MUST Main Library MUST Main Library 06/08/2014   122   WS 200 J394d 1978 2014-1811 06/08/2014 06/08/2014 Book Bank
    Other/Generic Classification Scheme     MUST Main Library MUST Main Library 06/08/2014   2003/18808   WS 200 J394d 1978 2014-1815 06/08/2014 06/08/2014 Book Bank
    Other/Generic Classification Scheme     MUST Main Library MUST Main Library 06/08/2014   138   WS 200 J394d 1978 2014-1816 06/08/2014 06/08/2014 Book Bank
    Other/Generic Classification Scheme     MUST Main Library MUST Main Library 06/08/2014   134   WS 200 J394d 1978 2014-1817 06/08/2014 06/08/2014 Book Bank
    Other/Generic Classification Scheme     MUST Main Library MUST Main Library 06/08/2014   137   WS 200 J394d 1978 2014-1818 06/08/2014 06/08/2014 Book Bank
    Other/Generic Classification Scheme     MUST Main Library MUST Main Library 06/08/2014   148   WS 200 J394d 1978 2014-1819 06/08/2014 06/08/2014 Book Bank
    Other/Generic Classification Scheme     MUST Main Library MUST Main Library 06/08/2014   112   WS 200 J394d 1978 2014-1820 06/08/2014 06/08/2014 Book Bank
    Other/Generic Classification Scheme     MUST Main Library MUST Main Library 06/08/2014   103   WS 200 J394d 1978 2014-1821 06/08/2014 06/08/2014 Book Bank
    Other/Generic Classification Scheme     MUST Main Library MUST Main Library 06/08/2014   133   WS 200 J394d 1978 2014-1822 06/08/2014 06/08/2014 Book Bank
    Other/Generic Classification Scheme     MUST Main Library MUST Main Library 06/08/2014   130   WS 200 J394d 1978 2014-1880 06/08/2014 06/08/2014 Book Bank
    Other/Generic Classification Scheme     MUST Main Library MUST Main Library 06/08/2014   131   WS 200 J394d 1978 2014-1881 06/08/2014 06/08/2014 Book Bank